| 000 | 01518nam0a22003491 4500 | ||
|---|---|---|---|
| 001 | RU\INFOCOMM_322\NLR\5000111674 | ||
| 005 | 20250613110048.0 | ||
| 035 | _a(NLR Aleph) 009543510 | ||
| 090 |
_a8961752 _c8961752 |
||
| 100 | _a20121215d1982 |||y0rusy50 ca | ||
| 101 | 1 |
_aeng _crus |
|
| 102 | _aRU | ||
| 105 | _ay z ||||| | ||
| 200 | 1 |
_aIntegrable reductions of manycomponent magnetic systems in (1,1)dimensions _fA. Kundu, V. G. Makhankov, O. K. Pashaev |
|
| 210 |
_aДубна _cОбъед. ин-т ядер. исслед. _d1982 |
||
| 215 |
_a14 с. _d21 см |
||
| 225 | 1 |
_aОбъединенный институт ядерных исследований, Дубна _vЕ17-82-677 |
|
| 300 | _aНа 3-й с. обл.: Интегрируемые редукции в многокомпонентных магнитных системах в (1,1) пространстве-времени / Кугду А., Маханьков В. Г., Пашаев О. К. | ||
| 300 | _aРез. на рус. яз. | ||
| 320 | _aБиблиогр.: с. 14 | ||
| 606 | 0 |
_aМагнитные материалы _9921914 _3RU\NLR\AUTH\6619216 |
|
| 686 |
_aВ373.3 _2rubbk |
||
| 700 | 1 |
_aKundu _bA. _gAndžan |
|
| 701 | 1 |
_9z01790 _aMachan'kov _bV. G. _gVladimir Grigor'evič |
|
| 701 | 1 |
_9z02790 _aPašaev _bO. K. |
|
| 790 | 1 |
_9z01701 _aMakhankov _bV. G. _4070 |
|
| 790 | 1 |
_9z02701 _aPashaev _bO. K. _4070 |
|
| 801 | 1 |
_aRU _bInfocomm _c20121215 |
|
| 801 | 0 |
_aRU _bINFOCOMM _gPSBO |
|
| 852 |
_aNLR _jФз01 Д-4/2086 |
||
| 942 | _cBOOK | ||
| 980 | _aNB | ||